000 00741nam a2200217Ia 4500
003 IN-BaIIA
008 211028s9999 xx 000 0 eng d
020 _a0-8243-0929-4
040 _cIIA Library
080 _a(05)52
_bANN-29
245 0 _aAnnual review of earth and planetary sciences
_cedited by Geoffrey Burbidge, David Layzer and Allan Sandage
260 _aPalo Alto
_bAnnual Reviews
_c1991
300 _a707p.
650 _aAstronomy and astrophysics thesaurus
650 _aAstronomy-Periodicals
_94087
650 _aAstrophysics-Periodicals
_94088
700 _aBurbidge, Geoffrey
_95542
700 _aLayzer, David, ed.
_94091
700 _aSandage, Allan, ed.
_99048
942 _cBK
999 _c10309
_d10309